Le cornet à dés
Uloženo v:
| Hlavní autor: | |
|---|---|
| Médium: | Kniha |
| Jazyk: | španělština |
| Vydáno: |
París
Gallimard
1955
|
| Vydání: | 3a. ed |
| Témata: | |
| Tagy: |
Přidat tag
Žádné tagy, Buďte první, kdo vytvoří štítek k tomuto záznamu!
|
MARC
| LEADER | 00000nam a2200000 a 4500 | ||
|---|---|---|---|
| 001 | UCO5403 | ||
| 003 | CL-VaPUC | ||
| 008 | 000901e19550000FR |||||||||||||||||spa|d | ||
| 082 | 0 | 4 | |a 841 |b JAC |2 21 |
| 100 | |a Jacob, Max |e author |9 332570 | ||
| 245 | 1 | 3 | |a Le cornet à dés |
| 250 | |a 3a. ed | ||
| 300 | |a v | ||
| 942 | |c BK | ||
| 945 | |d 20000901 00:00:00 |a crobeson | ||
| 260 | |a París |b Gallimard |c 1955 | ||
| 650 | 0 | |a Poesías francesas |9 265467 | |
| 650 | 0 | |a Literatura francesa |9 266330 | |
| 583 | |a last modification |c 20000901 00:00:00 |k Rodrigo Vera | ||
| 999 | |c 291266 |d 291264 | ||
| 952 | |0 0 |1 0 |4 0 |6 841_000000000000000_JAC_1955 |7 0 |8 A |9 341071 |a BIBART |b BIBART |d 2019-11-20 |h v.2 |i 1219936 |o 841 JAC 1955 |p 1219936 |r 2025-03-13 |w 2019-11-20 |y BK |k ART | ||